| Tag |
First Indicator |
Second Indicator |
Subfields |
| LEADER |
00000cam a2200000 a 4500 |
| 001 |
in00000854039 |
| 005 |
20151019073030.0 |
| 008 |
851211s1985 dcua tb f00000 eng d |
| 010 |
|
|
|a gp 86007589
|
| 035 |
|
|
|a (OCoLC)12932966
|
| 035 |
|
|
|9 AEE1336AM
|
| 040 |
|
|
|a GPO
|c GPO
|d UtOrBLW
|
| 043 |
|
|
|a n-us---
|
| 074 |
|
|
|a 1072-A
|
| 086 |
0 |
|
|a Y 3.Sh 6:SSC-319
|
| 245 |
0 |
0 |
|a Development of a plan to obtain in-service still water bending moment information for statistical characterization.
|
| 264 |
|
1 |
|a [Washington, D.C]. :
|b Ship Structure Committee ;
|c 1984 [i.e. 1985]
|
| 264 |
|
2 |
|a [Springfield, Va.] :
|b [National Technical Information Service, distributor],
|
| 300 |
|
|
|a viii, 59 pages :
|b illustrations ;
|c 28 cm.
|
| 336 |
|
|
|a text
|b txt
|2 rdacontent
|
| 337 |
|
|
|a unmediated
|b n
|2 rdamedia
|
| 338 |
|
|
|a volume
|b nc
|2 rdacarrier
|
| 490 |
1 |
|
|a SSC ;
|v 319
|
| 513 |
|
|
|a Technical report.
|b 9/13/81-9/30/82.
|
| 500 |
|
|
|a Cover title.
|
| 500 |
|
|
|a "Giannotti & Associates, Inc."--Tech. rept. doc. p.
|
| 500 |
|
|
|a Shipping list number: 85-2000-P.
|
| 504 |
|
|
|a Includes bibliographies.
|
| 536 |
|
|
|a U.S. Coast Guard, Office of Merchant Marine Safety.
|b DTCG23-82-C-20002.
|d SR-1282.
|
| 650 |
|
0 |
|a Hulls (Naval architecture)
|x Testing.
|
| 650 |
|
0 |
|a Ships
|z United States
|x Testing.
|
| 650 |
|
0 |
|a Strains and stresses.
|
| 710 |
1 |
|
|a United States.
|b Ship Structure Committee.
|
| 710 |
2 |
|
|a Giannotti & Associates.
|
| 830 |
|
0 |
|a Ship Structure Committee publications ;
|v SSC-319.
|
| 999 |
|
|
|a MARS
|
| 999 |
f |
f |
|s 2fc1a944-6ddb-3e1e-ad75-10ffd4419742
|i b5f9aec0-d6e9-3f07-b3b9-1710fa7e203a
|t 0
|
| 952 |
f |
f |
|p normal
|a Texas A&M University
|b Galveston Campus
|c Jack K. Williams Library
|d Galveston Stacks
|t 0
|e VM7 .S54 no. 319
|h Library of Congress classification
|i unmediated -- volume
|m 33620000488672
|
| 952 |
f |
f |
|p normal
|a Texas A&M University
|b College Station
|c Sterling C. Evans Library
|d Evans: US Documents (Annex 5th floor)
|t 0
|e Y 3.Sh 6:SSC-319
|h Superintendent of Documents classification
|i unmediated -- volume
|m A14817292330
|
| 998 |
f |
f |
|a Y 3.Sh 6:SSC-319
|t 0
|l Evans: US Documents (Annex 5th floor)
|
| 998 |
f |
f |
|a VM7 .S54 no. 319
|t 0
|l Galveston Stacks
|